000 00672nam a2200265Ia 4500
001 1684
005 20240113233511.0
007 ta
008 141028s1992 ii g b000 u 346 u
040 _aCotton College Assam
041 _aben
082 _a891.4408
_bRa 13 Dw
100 _aRay, Rathindranath.
245 0 _aDwijendra Rachanawali /
_cRabindranath Ray.
_hTextual Documents
260 _aCalcutta :
_bSahitya Sanshad ,
_c1992.
300 _a679p. ;
_c22cm..
500 _ait has two volumes
653 _aBangali Essey
942 _2ddc
_cBK
999 _c1680
_d1680